History Quiz

Random History or Letter Quiz

Historical Leaders Anagrams Quiz Stats

 Plays Quiz Updated Mar 6, 2019

Score 0/14 Timer 07:00
0 Plays Today
Anagram Name % Correct
Hated for IllAdolf Hitler
84%
Sheer Voodoo LetterTheodore Roosevelt
43.8%
Is Bad Man AloneOsama bin Laden
43.3%
Rifled TacosFidel Castro
39.9%
A Grand LoanerRonald Reagan
39.7%
Tiny LaborTony Blair
34.4%
Astray As FearYasser Arafat
32.1%
Anagram Name % Correct
Get Her A Tart CharmMargaret Thatcher
28.7%
Vague ReachChe Guevara
28.5%
Ill Law Came WailWilliam Wallace
26.4%
Humans Sad SideSaddam Hussein
25.8%
Solemn And LeanNelson Mandela
23.1%
A Jail Cures UsJulius Caesar
14.8%
Tough Up A SectionAugusto Pinochet
2.7%

You're not logged in!

Compare scores with friends on all Sporcle quizzes.
OR
Log In

Sporcle TV

Today on Sporcle TV


Watch our educational content, quiz creation guides, and fun videos on Sporcle TV.

Show Comments

Extras

Top Quizzes Today


Score Distribution

Your Account Isn't Verified!

In order to create a playlist on Sporcle, you need to verify the email address you used during registration. Go to your Sporcle Settings to finish the process.

Report this User

Report this user for behavior that violates our Community Guidelines.

Details: